Statistics for American Civil War Battles

Click here to take the quiz!

General Stats

  • This quiz has been taken 1,392 times
    (58 since last reset)
  • The average score is 5 of 88

Answer Stats

State Casualties Date Result Battle % Correct
Virginia4,878July 21, 1861ConfederacyFirst Battle of Bull Run
45%
South CarolinaNone, 2 Killed in Flag SaluteApril 12 - 14, 1861ConfederacyBattle of Fort Sumter
43%
Tennessee13,893October 28 - November 25, 1863UnionChattanooga Campaign**
33%
Virginia28,791May 5 - 7, 1864InconclusiveBattle of the Wilderness
27%
Virginia664April 9, 1865UnionBattle of Appomattox Court House
25%
Virginia30,500April 30 - May 6, 1863ConfederacyBattle of Chancellorsville
25%
Virginia17,332May 31 - June 12, 1864ConfederacyBattle of Cold Harbor
24%
Georgia34,624September 19 - 20, 1863ConfederacyBattle of Chickamauga
18%
Virginia31,820May 8 - 21, 1864InconclusiveBattle of Spotsylvania Court House
16%
LouisianaNoneApril 25, 1862 - May 1, 1862UnionCapture of New Orleans
14%
Virginia/Maryland12,922September 12 - 15, 1862ConfederacyBattle of Harpers Ferry
12%
Virginia464March 8 - 9, 1862InconclusiveBattle of Hampton Roads
12%
Tennessee16,537February 11 - 16, 1862UnionBattle of Fort Donelson
12%
Alabama1,950August 5, 1864UnionBattle of Mobile Bay
10%
Kentucky7,677October 8, 1862InconclusiveBattle of Perryville
10%
Tennessee119February 6, 1862UnionBattle of Fort Henry
8%
Kentucky-Tennessee119February 6, 1862UnionBattle of Fort Henry
8%
Tennessee24,645December 31, 1862 - January 2, 1863UnionBattle of Stones River
8%
South Carolina2,040July 10 - 11, 18, 1863ConfederacyBattle of Fort Wagner
6%
Mississippi8,753*April 29, 1862 - May 30, 1862, October 3 - 4, 1862UnionSiege of Corinth**
6%
Tennessee674April 12, 1864ConfederacyBattle of Fort Pillow
6%
Virginia925*May 11, 1864UnionBattle of Yellow Tavern
6%
Tennessee8,578November 30, 1864UnionBattle of Franklin
6%
Virginia11,165May 31, 1862 - June 1, 1862InconclusiveBattle of Seven Pines
6%
Virginia7,750July 1, 1862UnionBattle of Malvern Hill
4%
Virginia81June 17 - 18, 1864ConfederacyBattle of Lynchburg
4%
North Carolina1,924*January 13 - 15, 1865UnionBattle of Fort Fisher
4%
Tennessee194August 21, 1864ConfederacyBattle of Memphis
4%
Tennessee12,491November 25, 1863UnionBattle of Missionary Ridge
4%
Mississippi1,136May 14, 1863UnionBattle of Jackson
4%
Off Cherbourg, France113June 19, 1864UnionBattle of Cherbourg
4%
Mississippi1,266May 12, 1863UnionBattle of Raymond
4%
Virginia5,791April 1, 1865UnionBattle of Five Forks
4%
Florida2,807February 20, 1864ConfederacyBattle of Olustee
4%
Virginia3,965May 5, 1862InconclusiveBattle of Williamsburg
4%
North Carolina4,133March 19 - 21, 1865UnionBattle of Bentonville
4%
Virginia1,818June 9, 1862ConfederacyBattle of Port Republic
2%
Florida310August 17, 1864ConfederacyBattle of Gainesville
2%
Kentucky775January 19, 1862UnionBattle of Mill Springs
2%
Texas200*September 8, 1863ConfederacyBattle of Sabine Pass**
2%
Arkansas2,568December 7, 1862UnionBattle of Prairie Grove
2%
Virginia2,375June 5, 1864UnionBattle of Piedmont
2%
Mississippi6,297May 16, 1863UnionBattle of Champion Hill
2%
Minnesota46September 23, 1862UnionBattle of Wood Lake
2%
Virginia482April 5, 1862 - May 4, 1862InconclusiveSiege of Yorktown
2%
Virginia14,830June 27, 1862ConfederacyBattle of Gaines's Mill
2%
Virginia1,380May 15, 1864ConfederacyBattle of New Market
2%
TennesseeUnknownNovember 24 - 29, 1864ConfederacyBattle of Columbia
2%
Georgia140April 16, 1865UnionBattle of Columbus
2%
Virginia1,157October 21, 1861ConfederacyBattle of Ball's Bluff
2%
Louisiana17,300*May 22, 1863 - July 9, 1863UnionSiege of Port Hudson
0%
Maryland5,010September 14, 1862UnionBattle of South Mountain
0%
Off South Carolina5February 17, 1864ConfederacySinking of USS Housatonic
0%
Alabama3,529April 2 - 9, 1865UnionBattle of Fort Blakely
0%
Virginia1,820June 11 - 12, 1864ConfederacyBattle of Trevilian Station
0%
Louisiana353*April 14, 1863UnionBattle of Irish Bend
0%
South Carolina889June 16, 1862ConfederacyBattle of Secessionville
0%
Louisiana849August 5, 1862UnionBattle of Baton Rouge
0%
Virginia654September 19 - 20, 1862ConfederacyBattle of Shepherdstown
0%
Mississippi2,306September 19, 1862UnionBattle of Iuka
0%
ArkansasUnknownDecember 28, 1862UnionBattle of Van Buren
0%
Missouri3,000*October 23, 1864UnionBattle of Westport
0%
Virginia346July 11, 1861UnionBattle of Rich Mountain
0%
Kentucky4,862September 14 - 17, 1862ConfederacyBattle of Munfordville
0%
Missouri244July 5, 1861ConfederacyBattle of Carthage
0%
Alabama1,401March 27 - April 8, 1865UnionBattle of Spanish Fort
0%
Alabama3,059April 2, 1865UnionBattle of Selma
0%
Missouri1,248November 7, 1861InconclusiveBattle of Belmont
0%
Virginia2,553October 13, 1864ConfederacyBattle of Darbytown Road**
0%
North Carolina1,049March 14, 1862UnionBattle of New Bern
0%
Missouri113*November 7, 1862ConfederacyBattle of Clark's Mill
0%
Florida154October 9, 1861UnionBattle of Fort Pickens
0%
Virginia36,059June 25 - July 1, 1862ConfederacySeven Days' Battles**
0%
Virginia2,419May 25, 1862ConfederacyFirst Battle of Winchester
0%
Tennessee2,235December 2, 1862ConfederacyBattle of Hartsville
0%
Virginia5,044March 25, 1865UnionBattle of Fort Stedman
0%
Georgia83April 16, 1865UnionBattle of West Point
0%
Virginia2,700February 5 - 7, 1865UnionBattle of Hatcher's Run**
0%
Virginia301December 20, 1861UnionBattle of Dranesville
0%
Virginia7,470June 30, 1862InconclusiveBattle of Glendale
0%
Tennessee796February 3, 1863UnionBattle of Dover
0%
Texas126May 12 - 13, 1865ConfederacyBattle of Palmito Ranch
0%
Virginia2,100*September 1, 1862InconclusiveBattle of Chantilly
0%
Alabama3,529April 2 - 9, 1865UnionBattle of Fort Blakely
0%
FloridaUnknownJune 30 - July 1, 1862ConfederacyBattle of Tampa
0%
Indian Territory299December 26, 1861ConfederacyBattle of Chustenahlah
0%
Washington D.C.873July 11 - 12, 1864UnionBattle of Fort Stevens
0%
Pennsylvania332June 30, 1863InconclusiveBattle of Hanover
0%

Score Distribution

Percentile by Number Answered

Percent of People with Each Score

Your Score History

You have not taken this quiz since the last reset